Statistics for World map without every country

Click here to take the quiz!

General Stats

  • This quiz has been taken 338 times
  • The average score is 168 of 196

Answers on the Map

Answers color-coded by a green-red scale on the quiz's map according to % correct below.
 

Answer Stats

HintHintCountry% Correct
14366Canada
95%
153129United States
95%
151.0182.0Mexico
94%
57752Russia
94%
37786United Kingdom
93%
404.089.9Germany
92%
423.687.1Poland
92%
234.0373.0Argentina
91%
683.0342.0Australia
91%
266294Brazil
91%
615.0140.9China
91%
447.0171.3Egypt
91%
386105France
91%
556185.9India
91%
416.4124.2Italy
91%
533.0100.0Kazakhstan
91%
614.2104.1Mongolia
91%
372127.5Spain
91%
414.360.5Sweden
91%
398.4103.5Switzerland
91%
460.3130.6Turkey
91%
450.696.0Ukraine
91%
528.0149.2Afghanistan
90%
443.481.2Belarus
90%
43752Finland
90%
501.3152.5Iran
90%
478.8149.9Iraq
90%
693.3140.0Japan
90%
401.757Norway
90%
361.7127.6Portugal
90%
482.1179.9Saudi Arabia
90%
423.098.0Slovakia
90%
431365South Africa
90%
384.2167.2Algeria
89%
414.2100.9Austria
89%
216.3247.5Colombia
89%
424.4103.1Hungary
89%
394.394.2Luxembourg
89%
366.0153.5Morocco
89%
403.3203.9Niger
89%
436.7107.1Romania
89%
448.5209.5Sudan
89%
254.9370.2Uruguay
89%
425.5124.0Albania
88%
391.091.0Belgium
88%
236.0319.0Bolivia
88%
218384Chile
88%
418.0108.0Croatia
88%
414.093.8Czech Republic
88%
433.0267.2Democratic Republic
of the Congo
88%
401.573.5Denmark
88%
439.064.8Estonia
88%
470.0234.2Ethiopia
88%
430129Greece
88%
177.4210.0Guatemala
88%
419.3172.9Libya
88%
39386.9Netherlands
88%
776.7391.9New Zealand
88%
398.0230.8Nigeria
88%
248.9339.7Paraguay
88%
208292Peru
88%
416.9260.5Republic of the Congo
88%
669139South Korea
88%
449.6239.5South Sudan
88%
608.0207.9Thailand
88%
525122.5Uzbekistan
88%
624.3219.9Vietnam
88%
437.8117.9Bulgaria
87%
422.6209.4Chad
87%
204.0265.5Ecuador
87%
378.2234.5Ghana
87%
184.5210.7Honduras
87%
635.5264Indonesia
87%
459.0157.0Israel
87%
438.070.6Latvia
87%
434.376.3Lithuania
87%
377202.2Mali
87%
569.8166.5Nepal
87%
665.7127North Korea
87%
535.7164.2Pakistan
87%
198232.5Panama
87%
427.6113.0Serbia
87%
413.0106.5Slovenia
87%
408.5120.7Vatican City
87%
232235Venezuela
87%
488.3208.2Yemen
87%
420.0301.2Angola
86%
584.1169.4Bhutan
86%
421.0113.0Bosnia and
Herzegovina
86%
407.0247.0Cameroon
86%
427.6239.0Central African Republic
86%
192.0228.0Costa Rica
86%
206.0190.2Cuba
86%
221197Dominican Republic
86%
180.4215.0El Salvador
86%
353.3224.2Guinea
86%
248242Guyana
86%
368.0235.9Ivory Coast
86%
462.3158.9Jordan
86%
465.8259.9Kenya
86%
610.3194.9Laos
86%
359.2239.6Liberia
86%
610.3247.2Malaysia
86%
354195.5Mauritania
86%
188.2218.1Nicaragua
86%
509.33187.2Oman
86%
347212Senegal
86%
545.2133.5Tajikistan
86%
383.0232.4Togo
86%
401148Tunisia
86%
513.0130.6Turkmenistan
86%
438310Zambia
86%
447.0325.0Zimbabwe
86%
384.0118.7Andorra
85%
480.5125.0Armenia
85%
487.6125.0Azerbaijan
85%
494.3174.0Bahrain
85%
583.0181.8Bangladesh
85%
616.0219.1Cambodia
85%
218196Haiti
85%
363.082.5Ireland
85%
427.5118.5Kosovo
85%
397.2114.5Monaco
85%
467309.5Mozambique
85%
597.0188.5Myanmar
85%
429.5121.7North Macedonia
85%
495.7176.2Qatar
85%
488230Somalia
85%
254.4248.1Suriname
85%
453.1256.6Uganda
85%
180.9203.6Belize
84%
455.3143.7Cyprus
84%
466.3209.2Eritrea
84%
451.3350.1Eswatini
84%
406.5264Gabon
84%
34143Iceland
84%
206200.2Jamaica
84%
548.0122.0Kyrgyzstan
84%
444.0360.5Lesotho
84%
402.0103.1Liechtenstein
84%
412.9141.1Malta
84%
444.4102.0Moldova
84%
418328Namibia
84%
243.2214.6Saint Lucia
84%
408.5113.9San Marino
84%
467.0143.0Syria
84%
459.1282.5Tanzania
84%
209.0180.9Bahamas
83%
435.0336.1Botswana
83%
377.0219.0Burkina Faso
83%
476.4221.6Djibouti
83%
479120Georgia
83%
456.0307.0Malawi
83%
423.7117.8Montenegro
83%
703.7282.4Papua New Guinea
83%
239.4203.4Saint Kitts and Nevis
83%
502.0182.5United Arab Emirates
83%
246.5217.0Barbados
82%
385.7225.0Benin
82%
242.4209.5Dominica
82%
404.0255.8Equatorial Guinea
82%
347.7220.3Guinea-Bissau
82%
461.7146.8Lebanon
82%
486.0324.3Madagascar
82%
447.8267.7Rwanda
82%
354.0232.9Sierra Leone
82%
782.9320.1Fiji
81%
344216Gambia
81%
487.0162.9Kuwait
81%
545.9248.9Maldives
81%
510.1329.1Mauritius
81%
680.5241.3Palau
81%
657220.6Philippines
81%
506.5276Seychelles
81%
562235.3Sri Lanka
81%
242.5226.6Trinidad and Tobago
81%
759318.6Vanuatu
81%
326.7206.9Cape Verde
80%
479.4301.4Comoros
80%
717.7235.2Federated States of
Micronesia
80%
242.7216.8Saint Vincent and the
Grenadines
80%
614.2256.7Singapore
80%
742.1295.0Solomon Islands
80%
652.9182.1Taiwan
80%
798.1328.7Tonga
80%
785295.3Tuvalu
80%
447.8272.6Burundi
79%
21.0272.0Kiribati
79%
241.4204.0Antigua and Barbuda
78%
638.6246.1Brunei
78%
664.3290.8East Timor
78%
760.6232.2Marshall Islands
78%
755264Nauru
78%
241.6220.6Grenada
77%
802.8307.7Samoa
77%
395.5260.6São Tomé and Príncipe
76%

Score Distribution

Percentile by Number Answered

Percent of People with Each Score

Your Score History

You have not taken this quiz